Marvel's Avengers Superheros - Statistics

General Stats
  • This quiz has been taken 487 times
    480 since last reset
  • The average score is 15 of 19
Answer Stats
Hint Answer % Correct
Wears a high-tech suit Iron Man
100%
Has a shield of Vibranium Captain America
98%
Can turn into a big, green monster Hulk
96%
Got bitten by a radioactive spider Spider Man
94%
Has a hammer that can summon storms and lightning Thor
94%
A Russian agent trained as a spy Black Widow
91%
Has a high-tech bow and arrows Hawkeye
90%
Has a size-shifting ability Ant-Man
89%
God of Mischief Loki
89%
Wears a suit of Vibranium Black Panther
86%
Has high-tech wings Falcon
83%
Serves as the Sorcerer Supreme Doctor Strange
82%
Head of S.H.I.E.L.D. Nick Fury
81%
A man with super speed Quicksilver
76%
A woman born with superhuman abilities Scarlet Witch
76%
A living version of Jarvis Vision
76%
Has wings and blasters, superhero partner for above The Wasp
69%
Learned how to control her powers Captain Marvel
60%
Also has a high-tech suit, friend of above Iron Patriot
20%
No matching quizzes found
Score Distribution
Percent of People with Each Score
Percentile by Number Answered
Your Score History
You have not taken this quiz since the last reset